000 00219nam a22001097a 4500
020 _a0-56987-326-7
082 _a823
_bDAN/H
100 _aDANDI
245 _aHALLOWEEN NIGHT
650 _aENGLISH SHORT STORY
942 _cBK
999 _c2672
_d2672